| 000 -ლიდერი |
| ფიქსირებული სიგრძის საკონტროლო ველი |
01032nam a2200229Ia 4500 |
| 001 - საკონტროლო ნომერი |
| საკონტროლო ველი |
3490 |
| 003 - საკონტროლო ნომრის იდენტიფიკატორი |
| საკონტროლო ველი |
GE_BSU |
| 005 - ბოლო ოპერაციის თარიღი და დრო |
| საკონტროლო ველი |
20190528193023.0 |
| 008 - ფიქსირებული სიგრძის მონაცემთა ელემენტები - ზოგადი ინფორმაცია |
| ფიქსირებული სიგრძის საკონტროლო ველი |
181216s1968|||| |||||||||||||| ||geo|| |
| 040 ## - კატალოგიზაციის წყარო |
| Transcribing agency |
GE_BSU |
| 041 ## - ენის კოდი |
| Language code of text/sound track or separate title |
geo |
| 080 ## - უნივერსალური ათობითი კლასიფიკაციის ინდექსი |
| Universal Decimal Classification number |
54(076.5) გ-44 |
| 100 ## - მთავარი ჩანაწერი - პიროვნების სახელი |
| Personal name |
გვარამაძე, დ. |
| 9 (RLIN) |
1766 |
| 245 ## - ცნობა სათაურის შესახებ |
| Title |
ზოგადი ქიმიის ლაბორატორიული პრაქტიკუმი / |
| Statement of responsibility, etc |
დ. გვარამაძე ; რედ : მ. გორგაძე. |
| 250 ## - გამოცემის ცნობა |
| Edition statement |
მეოთხე გადამუშავ. გამოცემა. |
| 264 ## - წარმოების, გამოცემის, დისტრიბუციის და სხვა ცნობები |
| გამოცემის, წარმოების, დისტრიბუციის... ადგილი |
თბილისი : |
| გამოცემის, წარმოების, დისტრიბუციის... სახელწოდება |
განათლება, |
| გამოცემის, წარმოების, დისტრიბუციის... თარიღი |
1968. |
| 300 ## - ფიზიკური აღწერა |
| Extent |
280 გვ .: |
| Dimensions |
ილ. და ცხრილ. ; |
| Other physical details |
22 სმ. |
| 653 ## - INDEX TERM--UNCONTROLLED |
| Uncontrolled term |
ზოგადი ქიმია |
| 653 ## - INDEX TERM--UNCONTROLLED |
| Uncontrolled term |
ზოგადი ქიმიის ლაბორატორიული პრაქტიკუმი |
| 700 ## - ADDED ENTRY--PERSONAL NAME |
| Personal name |
გორგაძე, მ |
| Relator term |
რედაქტორი |
| 9 (RLIN) |
1777 |
| 942 ## - ADDED ENTRY ELEMENTS (KOHA) |
| Koha item type |
წიგნი |
| Source of classification or shelving scheme |
|